000
00329nam a2200121Ia 4500
008
190722s9999 xx 000 0 und d
020
_a
978-983-47-1056-9
100
_a
Farah Waheeda Jalaludin
245
0
_a
Information Systems An Introduction
260
_a
New York
_b
Oxford University Press
_c
2014
300
_a
276
942
_c
BK
999
_c
981
_d
981